000 00294nam a2200121Ia 4500
008 241002s9999 xx 000 0 und d
082 _a962.053 GAM
100 _aGamal, Abdel Nasser
245 4 _aThe Philosophy of the Revolution
260 _aLondon:
_c1959
600 _aHistory
942 _cUC
999 _c18937
_d18937